000 00301nam a22001097a 4500
008 160427b xxu||||| |||| 00| 0 eng d
020 _a0397546483
041 _aeng
080 _a318.2
245 _aCardiac nursing:
_cSandra L. Underhill; Susan L.Woods; Erika S. Sivarajan Froelicher;
942 _2udc
_cBK
999 _c1636
_d1636